000 01354cam a22003254a 4500
001 13163229
003 ARRUPE
005 20140121135709.0
008 030415s2004 nyu b 001 0 eng
010 _a 2003051249
020 _a0521812704 (hc)
020 _a0521012082 (pbk.)
040 _aDLC
_cDLC
_dDLC
042 _apcc
050 0 0 _aB1537
_b.C36 2004
082 0 0 _a192
_221
245 0 4 _aThe Cambridge companion to Thomas Reid /
_cedited by Terence Cuneo, René van Woudenberg.
260 _aNew York :
_bCambridge University Press,
_c2004.
300 _axxii, 369 p. ;
_c23 cm.
504 _aIncludes bibliographical references (p. 341-360) and index.
600 1 0 _aReid, Thomas,
_d1710-1796.
_96813
700 1 _aCuneo, Terence,
_d1969-
_96814
700 1 _aWoudenberg, René van.
_96815
856 4 1 _3Table of contents
_uhttp://www.loc.gov/catdir/toc/cam051/2003051249.html
856 4 2 _3Publisher description
_uhttp://www.loc.gov/catdir/description/cam051/2003051249.html
856 4 1 _3Sample text
_uhttp://www.loc.gov/catdir/samples/cam041/2003051249.html
906 _a7
_bcbc
_corignew
_d1
_eocip
_f20
_gy-gencatlg
942 _2lcc
_cMONOGRAPH
999 _c119613
_d119613